00394nam a2200145Ia 4500003000400000005001700004008004100021040002900062050002400091100002000115245004600135260002900181300001000210650002800220OSt20240620115904.0230105s9999||||xx |||||||||||||| ||und|| cChuka University Library aSBL Q 335bR87 2014 aRussell,stuart. 0aArtificial intelligence:a modern approach aNew DelhibPearsonc2014 a1092p aartificial intelligence